| 000 | 00607nam a2200193Ia 4500 | ||
|---|---|---|---|
| 008 | 140626s9999 xx 000 0 und d | ||
| 100 | _aMeier, M. | ||
| 245 |
_aSex differences in the genetic and environmental influences on childhood conduct disorder and adulty antisocial behavior / _cM. Meier ... [et al.]. |
||
| 260 | _cc2011. | ||
| 300 | _a120 : 2, page 377 | ||
| 440 | _aJournal of Abnormal Psychology | ||
| 521 | _aPSYCH | ||
| 650 | _aAntisocial behavior. | ||
| 650 | _aConduct disorder. | ||
| 650 | _aDevelopment. | ||
| 650 | _aHeritability. | ||
| 650 | _aSex differences. | ||
| 942 | _cSE | ||
| 999 |
_c121290 _d121290 |
||